Historic environment records response by English Heritage (Record no. 73844)
[ view plain ]
| 000 -LEADER | |
|---|---|
| fixed length control field | 01298cam a2200205 4500 |
| 001 - CONTROL NUMBER | |
| control field | WB3945-02 |
| 008 - FIXED-LENGTH DATA ELEMENTS--GENERAL INFORMATION | |
| fixed length control field | 031124n2003 000 0 eng u |
| 035 ## - SYSTEM CONTROL NUMBER | |
| System control number | (Sirsi) u124450 |
| 245 ## - TITLE STATEMENT | |
| Title | Historic environment records response by English Heritage |
| 260 ## - PUBLICATION, DISTRIBUTION, ETC. | |
| Date of publication, distribution, etc. | 2003 |
| 490 ## - SERIES STATEMENT | |
| Series statement | English Heritage News Release |
| Volume/sequential designation | 20 November 2003 (1) |
| 520 ## - SUMMARY, ETC. | |
| Summary, etc. | English Heritage has announced the details of its response to the Department for Culture Media and Sports (DCMS) consultation on the future of Historic Environment Records. These records store and provide access to important information about buildings, structures and monuments in a given area of England. Copies of the DCMS consultation document are available at http://www.culture.gov.uk/global/consultations/2003+current+consultations/her_consultation.htm. The English Heritage response is available at http://www.english-heritage.org.uk/Filestore/news/pdf/Consultation%20on%20HERS.pdf. http://www.english-heritage.org.uk/default.asp?wci=mainframe&URL1=default.asp%3FWCI%3DNode%26WCE%3D7282 |
| 590 ## - LOCAL NOTE (RLIN) | |
| Local note | WB |
| 650 ## - SUBJECT ADDED ENTRY--TOPICAL TERM | |
| Topical term or geographic name entry element | HISTORIC ENVIRONMENT RECORDS |
| 650 ## - SUBJECT ADDED ENTRY--TOPICAL TERM | |
| Topical term or geographic name entry element | LISTED BUILDINGS |
| 650 ## - SUBJECT ADDED ENTRY--TOPICAL TERM | |
| Topical term or geographic name entry element | MONUMENTS |
| 650 ## - SUBJECT ADDED ENTRY--TOPICAL TERM | |
| Topical term or geographic name entry element | HERITAGE |
| 690 ## - LOCAL SUBJECT ADDED ENTRY--TOPICAL TERM (OCLC, RLIN) | |
| Topical term or geographic name as entry element | BUILT ENVIRONMENT-BUILDING MAINTENANCE AND REFURBISHMENT-BUILDING CONSERVATION |
| 942 ## - ADDED ENTRY ELEMENTS (KOHA) | |
| Suppress in OPAC | 0 |
| Withdrawn status | Lost status | Source of classification or shelving scheme | Damaged status | Not for loan | Home library | Current library | Shelving location | Date acquired | Total Checkouts | Full call number | Barcode | Date last seen | Copy number | Price effective from | Koha item type |
|---|---|---|---|---|---|---|---|---|---|---|---|---|---|---|---|
| Dewey Decimal Classification | London | London | News article | 24/11/2003 | WB3945-02 | 124450-1001 | 06/08/2019 | 1 | 06/08/2019 | News article |